000 00786nam a2200277Ia 4500
001 Para_7200
003 CHAP
008 220125s1961 xx 000 0 und d
010 _a206086
040 _cCHAP
090 _aPA R-17
100 _aStover, R. H.
_9166639
245 _aStudies on fusarium wilt of bananas :
_b field control /
_c R.H. Stover, R.C. Hildreth, and N.C. Thornton
300 _a9 p.
500 _aSobretiro de: Can. J. Botany 39: 197-206, 1961
650 _aPlátano
_x enfermedades
_989231
700 _aHildreth, R.C.
_9172237
700 _aThornton, N.C.
_9172238
901 _aPA R-17
902 _aA
905 _a0000001961 a 0000000000 00
910 _a1961
942 _cPARA
942 _cPARA
_d1
999 _c206086
_d206086